Statistics for NBA Best International Current Players

Click here to take the quiz!

General Stats

  • This quiz has been taken 57 times
  • The average score is 10 of 17

Answer Stats

HintAnswer% Correct
SloveniaLuka Doncic
96%
GreeceGiannis Antetokounmpo
94%
SerbiaNikola Jokic
94%
CameroonJoel Embiid
88%
FranceRudy Gobert
82%
LatviaKristaps Porzingis
65%
AustraliaBen Simmons
63%
MontenegroNikola Vucevic
63%
Dominican RepublicKarl-Anthony Towns
55%
CameroonPascal Siakam
55%
CanadaShai Gilgeous-Alexander
53%
LithuaniaDomantas Sabonis
51%
BahamasDeandre Ayton
49%
SwitzerlandClint Capela
47%
CanadaJamal Murray
35%
LithuaniaJonas Valanciunas
33%
CanadaRJ Barrett
20%

Score Distribution

Percentile by Number Answered

Percent of People with Each Score

Your Score History

You have not taken this quiz